000 00656nam a2200277Ia 4500
005 20260324144533.0
008 008 260324s9999 xx 000 0 eng d
020 _a9781315819396
037 _aEBOOK
040 _aCRL
040 _beng
040 _cCRL
041 _2eng
041 _aeng
084 _qCRL
100 _aD.O. Hebb; D.C. Donderi
_91219688
245 0 _aTextbook of Psychology (Psychology Revivals)
260 _bTaylor and Francis
260 _c1987
365 _a
365 _b300
856 _uhttp://www.taylorfrancis.com/books/9781315819396
942 _cEBOOK
999 _c1826424
_d1826424